Country Logic Puzzle - Europe - Statistics

General Stats
  • This quiz has been taken 61 times
  • The average score is 9 of 18
Answer Stats
Answer % Correct
Bosnia and Herzegovina
80%
San Marino
70%
Finland
60%
Hungary
60%
Greece
50%
Vatican City
50%
Andorra
47%
Denmark
47%
Portugal
47%
Czech Republic
43%
Estonia
43%
Luxembourg
43%
Russia
43%
Iceland
40%
Malta
40%
Netherlands
40%
Kosovo
37%
United Kingdom
37%
No matching quizzes found
Score Distribution
Percent of People with Each Score
Percentile by Number Answered
Your Score History
You have not taken this quiz